Champions joués durant les Worlds 2025 - Statistiques

Statistiques générales
  • Ce quiz a été pris 8 fois
  • Le résultat moyen est 74 sur 95
Statistiques - réponses
Hint Réponse % Correct
14 Azir
100%
16 Braum
100%
2 Kalista
100%
26 K'Sante
100%
9 Lucian
100%
5 Nami
100%
11 Nautilus
100%
20 Rumble
100%
5 Yone
100%
5 Aatrox
86%
5 Akali
86%
24 Alistar
86%
18 Ambessa
86%
4 Ashe
86%
3 Camille
86%
21 Corki
86%
5 Dr. Mundo
86%
12 Galio
86%
1 Gnar
86%
1 Gragas
86%
21 Jarvan IV
86%
4 Jhin
86%
1 Jinx
86%
18 Kai'sa
86%
4 Lulu
86%
3 Mel
86%
2 Miss Fortune
86%
19 Neeko
86%
19 Orianna
86%
11 Ornn
86%
13 Poppy
86%
15 Qiyana
86%
21 Rakan
86%
3 Renata Glasc
86%
13 Renekton
86%
22 Ryze
86%
4 Sejuani
86%
1 Seraphine
86%
13 Sivir
86%
3 Smolder
86%
4 Sylas
86%
2 Vayne
86%
16 Vi
86%
2 Viego
86%
11 Xayah
86%
28 Xin Zhao
86%
1 Zed
86%
1 Zeri
86%
1 Ahri
71%
4 Anivia
71%
4 Annie
71%
17 Aurora
71%
12 Bard
71%
1 Blitzcrank
71%
8 Cassiopeia
71%
5 Draven
71%
1 Elise
71%
15 Ezreal
71%
3 Hwei
71%
1 Ivern
71%
5 Jax
71%
1 Jayce
71%
5 Karma
71%
1 Kled
71%
4 Leblanc
71%
15 Leona
71%
2 Maokai
71%
8 Mordekaiser
71%
4 Nocturne
71%
12 Pantheon
71%
15 Rek'sai
71%
9 Rell
71%
1 Senna
71%
21 Sion
71%
4 Skarner
71%
3 Syndra
71%
1 Tahm Kench
71%
1 Thresh
71%
17 Trundle
71%
13 Varus
71%
21 Wukong
71%
15 Yunara
71%
9 Ziggs
71%
1 Zoe
71%
15 Caitlyn
57%
1 Gwen
57%
1 Kassadin
57%
1 Morgana
57%
5 Naafiri
57%
1 Nidalee
57%
1 Soraka
57%
1 Swain
57%
22 Taliyah
57%
7 Viktor
57%
3 Yorick
57%
Aucun quiz correspondant
Distribution des résultats
% des personnes avec chaque résultat
Percentile par nombre de réponses
Votre historique - résultats
Vous n’avez pas pris ce quiz